LEADER 00691nam0-22002771i-450- 001 990001755230403321 005 20070716115328.0 035 $a000175523 035 $aFED01000175523 035 $a(Aleph)000175523FED01 035 $a000175523 100 $a20030910d1884----km-y0itay50------ba 101 0 $aita 200 1 $aSussweine$fE. List 210 $aHamburg-Leipzig$cVoss$d1884 215 $a20 p.$d22 cm 610 0 $aBevande alcoliche 676 $a663 700 1$aList,$bE.$076280 801 0$aIT$bUNINA$gRICA$2UNIMARC 901 $aBK 912 $a990001755230403321 952 $a60 581.6 B 2/7$b545$fFAGBC 959 $aFAGBC 996 $aSussweine$9363135 997 $aUNINA LEADER 01291nam0-22003851i-450 001 990000756690403321 005 20230213095834.0 010 $a88-7042-042-6 035 $a000075669 035 $aFED01000075669 035 $a(Aleph)000075669FED01 100 $a20020821d1980----km-y0itay50------ba 101 0 $aita 102 $aIT 105 $aa---c---001yy 200 1 $a<>canto dei tamburi di pietra$erestauro dei monumenti e urbanistica dei centri antichi, la partecipazione alla difesa del patrimonio ambientale italiano, l'educazione all'arte come funzione estetica, autonomia dell'arte e società$fRoberto Pane 210 $aNapoli$cGuida$d1980 215 $a355 p.$cill.$d21 cm 225 1 $a<>spirale$v44 610 0 $aMonumenti$aCentri antichi$aRestauro 676 $a711.5$v23$zita 700 1$aPane,$bRoberto$f<1897-1987>$02344 801 0$aIT$bUNINA$gREICAT$2UNIMARC 901 $aBK 912 $a990000756690403321 952 $aREST B 92$b999$fFARBC 952 $aSEZ.NA B 2932$b1856$fFARBC 952 $a711.5 PAN 1$bBibl.9748$fFLFBC 952 $a07.279$b7438$fDARST 952 $aFONDO ROSSI 3184$bROSSI 3299$fFARBC 959 $aFARBC 959 $aFLFBC 959 $aDARST 996 $aCanto dei tamburi di pietra$9320758 997 $aUNINA